000 01118nam a2200325 a 4500
001 24377
003 CO-ViMGA
008 141112s2004 ck r 000 u spa d
020 _a9789681636517
040 _aCO-ViMGA
_bspa
_cCO-ViMGA
041 _aSPA
090 _aA BRO1
100 1 _aBrowne, Anthony
245 1 0 _aEl libro de los cerdos /
_cescrito e ilustrado por Anthony Browne ; traducido por Carmen Esteva
250 _a1a ed., 7a reimpr.
260 _aMéxico :
_bFondo de Cultura Económica,
_c2008
300 _a28 p. : il. col. : il.
490 _aLos especiales de A la orilla del viento
500 _aTítulo original : Piggybook
610 _aPREMIO HANS CHRISTIAN ANDERSEN DE ILUSTRACION, 2000
_935814
650 1 4 _aCRITICA SOCIAL - LIBROS DE IMAGENES
_935815
650 1 4 _aDESDE LOS 6 AÑOS
_92351
650 1 4 _aILUSTRADORES INGLESES
_935816
650 1 4 _aLEER ES MI CUENTO - COLECCION 2011
_935817
650 1 4 _aLITERATURA
_92198
650 1 4 _aRELACIONES FAMILIARES - LIBROS DE IMAGENES
_935818
700 1 _aBrowne, Anthony
700 1 _aEsteva, Carmen
_935819
942 _2ddc
_cBK
999 _c2274
_d2274